Normal view
MARC view
- Supervisor Dr. Shahzad Amin Sheikh Co-supervisor: Dr. Nadeem Javaid
Entry Personal Name
001 - CONTROL NUMBER
- control field: 69902
003 - CONTROL NUMBER IDENTIFIER
- control field: NUST
005 - DATE AND TIME OF LATEST TRANSACTION
- control field: 20210628204324.0
008 - FIXED-LENGTH DATA ELEMENTS
- fixed length control field: 210628|| aca||aabn | a|a d
040 ## - CATALOGING SOURCE
- Original cataloging agency: NUST
- Transcribing agency: NUST
100 ## - HEADING--PERSONAL NAME
- Personal name: Supervisor Dr. Shahzad Amin Sheikh Co-supervisor: Dr. Nadeem Javaid
670 ## - SOURCE DATA FOUND
- Source citation: Work cat.: (NUST): Saman Cheema 15566, TH-SOF-1324-A Balenced Energy Asaptive Routing with Sector-based Node Selectopm in Underwater Wireless Sensor Netwprls, 2016
